KOHA-Header-6

Digital Image Processing a Practical introduction using Java (Record no. 7506)

000 -LEADER
fixed length control field 00290nam a2200109Ia 4500
100 ## - MAIN ENTRY--AUTHOR NAME
Personal name Nick Efford
245 #0 - TITLE STATEMENT
Title Digital Image Processing a Practical introduction using Java
260 ## - PUBLICATION, DISTRIBUTION, ETC. (IMPRINT)
Place of publication England
Name of publisher Addision
Year of publication 2000
300 ## - PHYSICAL DESCRIPTION
Number of Pages 340
942 ## - ADDED ENTRY ELEMENTS (KOHA)
Koha item type Books
Holdings
Withdrawn status Lost status Collection code Permanent Location Current Location Shelving location Date acquired Full call number Accession Number Koha item type
    Electrical Engineering MAJU MAJU   2019-09-12 005.133 1390 Electrical Engineering

Powered by Koha